000
00289nam a2200121Ia 4500
008
190216s9999||||xx |||||||||||||| ||und||
100
_a
Yakoob C
245
0
_a
Funds Management In Banks And Insurence Companies
260
_b
Kalyani Pub
300
_a
225
650
_a
Commerce
942
_c
BK
999
_c
7286
_d
7286